| 000 | 00724nam a2200193 i 4500 | ||
|---|---|---|---|
| 001 | 32620 | ||
| 003 | ES-MaACL | ||
| 005 | 20230906154615.0 | ||
| 007 | t| | ||
| 008 | 030131s1958 sp ||||1| spa d | ||
| 100 | 1 |
_aBerte-Langereau, Jack. _928429 |
|
| 245 | 1 | 3 |
_aLa política italiana de España bajo el reinado de Carlos IV / _cJack Berte-Langereau ; traducción del francés por Julio Gómez de la Serna. |
| 260 |
_aMadrid : _bRevista de Occidente, _c[1958] ( _fImp. Viuda de Galo Sáez) |
||
| 300 |
_a261 p., 13 lám. ; _c18 cm. |
||
| 651 | 0 |
_aEspaña- _xHistoria- _y1788-1808, Carlos IV. _98242 |
|
| 700 | 1 |
_aGómez de la Serna, Julio, _d1895-1983 _957899 |
|
| 852 |
_aES-MaACL _jC-13934 |
||
| 999 |
_c32620 _d32620 |
||